000170301 001__ 170301
000170301 005__ 20260410165451.0
000170301 0247_ $$2doi$$a10.1093/oxrep/graf037
000170301 0248_ $$2sideral$$a148852
000170301 037__ $$aART-2025-148852
000170301 041__ $$aeng
000170301 100__ $$aAmuedo-Dorantes, Catalina
000170301 245__ $$aElderly care in Spain: regional inequities and the growing role of foreign-born workers
000170301 260__ $$c2025
000170301 5060_ $$aAccess copy available to the general public$$fUnrestricted
000170301 5203_ $$aSpain’s ageing population has driven significant changes in the provision of elderly care services over the past 25 years. In this paper, we explore those shifts, focusing on regional disparities in four types of social services for the elderly: telecare, in-home care, daycare centres, and nursing homes. To that end, we gather annual data at the regional level compiled by the Institute for the Elderly and Social Services of Spain for the period 1998–2022. Using a clustering algorithm, we uncover significant inequities, with distinct geographical patterns depending on the type of social service. Southern regions generally surpass northern counterparts in telecare and in-home care, while coastal areas have lower nursing home coverage, particularly affecting women and those aged 80 and above. Additionally, a growing presence of foreign-born working-age women correlates with lower telecare and in-home care coverage, highlighting immigrants’ critical role in meeting care demands. Our findings underscore the need for targeted policy interventions to promote equitable access to elderly care services across Spain.
000170301 536__ $$9info:eu-repo/grantAgreement/ES/DGA/S32-23R$$9info:eu-repo/grantAgreement/ES/MICINN/PID2023-147822NB-I00
000170301 540__ $$9info:eu-repo/semantics/openAccess$$aby$$uhttps://creativecommons.org/licenses/by/4.0/deed.es
000170301 655_4 $$ainfo:eu-repo/semantics/article$$vinfo:eu-repo/semantics/publishedVersion
000170301 700__ $$0(orcid)0000-0002-1944-4790$$aMarcén, Miriam$$uUniversidad de Zaragoza
000170301 700__ $$0(orcid)0000-0001-9957-6613$$aMorales, Marina$$uUniversidad de Zaragoza
000170301 7102_ $$14000$$2415$$aUniversidad de Zaragoza$$bDpto. Análisis Económico$$cÁrea Fund. Análisis Económico
000170301 773__ $$g41, 3-4 (2025), 855-886$$pOxf. rev. econ. policy$$tOXFORD REVIEW OF ECONOMIC POLICY$$x0266-903X
000170301 8564_ $$s3454393$$uhttps://zaguan.unizar.es/record/170301/files/texto_completo.pdf$$yVersión publicada
000170301 8564_ $$s2240244$$uhttps://zaguan.unizar.es/record/170301/files/texto_completo.jpg?subformat=icon$$xicon$$yVersión publicada
000170301 909CO $$ooai:zaguan.unizar.es:170301$$particulos$$pdriver
000170301 951__ $$a2026-04-10-13:46:09
000170301 980__ $$aARTICLE